Peter Michal Bohúň

Bibliographic Details
Main Author: Gabul, Július (Author)
Format: Article
Language:Slovak
Subjects:

MARC

LEADER 00000nab a2200000 a 4500
001 vtls000047120
003 SK-MaSNL
005 20260305010346.0
008 111103c1979 xo 0 slo
015 |a SNBRB19rr/mm-uuuuu 
035 |a CL0057216 
040 |a SNKBUCL  |b slo  |c SNKBUCL  |e AACR2 
041 0 |a slo 
044 |a xo  |c SK 
080 |a 885.4-1  |2 1981 
100 1 |a Gabul, Július  |4 aut  |9 843410 
245 1 0 |a Peter Michal Bohúň  |c Július Gabul 
600 1 7 |a Bohúň, Peter Michal,  |d 1822-1879  |2 snkbucl  |9 52275 
850 |a Slovenská národná knižnica v Martine  |a MTA001 
852 |a SNK  |b KIS3GCP 
958 |a LX 
999 |c 3246150  |d 3248080